مكتبة جامعة عجلون الوطنية

فهرس بحث المكتبة

Normal view MARC view
  • الفقه الاسلامي- الاحكام الشرعية

Entry Topical Term

Number of records used in: 1

001 - CONTROL NUMBER

  • control field: 13664

003 - CONTROL NUMBER IDENTIFIER

  • control field: JO-AjAnu

005 - DATE AND TIME OF LATEST TRANSACTION

  • control field: 20230606072502.0

008 - FIXED-LENGTH DATA ELEMENTS

  • fixed length control field: 230606|| aca||aabn | a|a d

040 ## - CATALOGING SOURCE

  • Original cataloging agency: JO-AjAnu
  • Transcribing agency: JO-AjAnu

150 ## - HEADING--TOPICAL TERM

  • Topical term or geographic name entry element: الفقه الاسلامي- الاحكام الشرعية

670 ## - SOURCE DATA FOUND

  • Source citation: Work cat.: (JO-AjAnu)7028: اعداد: أبو شيخة، فايز موسى, author 13663, نور على الدرب : فتاوى فضيلة الشيخ محمد بن صالح العثيمين